| 000 | 00971nam a2200313 i 4500 | ||
|---|---|---|---|
| 001 | bg | ||
| 100 | 1 | _aLeary, Mark R. | |
| 245 | 1 | 0 |
_aWywieranie wrażenia na innych : _bo sztuce autoprezentacji / _cMark Leary ; przekł. Anna Kacmajor, Magdalena Kacmajor. |
| 246 | 3 | 0 |
_iTyt. oryg.: _aSelf presentation |
| 260 |
_aGdańsk : _bGdańskie Wydaw. Psychologiczne, _c1999. |
||
| 300 |
_a255 s. : _brys. ; _c24 cm. |
||
| 490 | 1 | _aSeria Psychologii Społecznej | |
| 500 | _aTyt. oryg. : "Self presentation" 1996. | ||
| 504 | _aBibliogr. s. 223-245. | ||
| 650 | 4 | _aOsobowość | |
| 650 | 4 | _aPsychologia społeczna | |
| 650 | 4 | _aSamopoznanie | |
| 700 | 1 |
_aKacmajor, Anna. _eTł. |
|
| 700 | 1 |
_aKacmajor, Magdalena. _eTł. |
|
| 830 | 0 | _aSeria Psychologii Społecznej | |
| 020 | _a8385416927 | ||
| 040 | _cBPK | ||
| 041 | 1 |
_apl _hen |
|
| 080 | _a159.923 | ||
| 080 | _a316.6 | ||
| 920 | _a83-85416-92-7 | ||
| 942 | _cKS | ||
| 008 | s pl f |000 0 pol | ||
| 999 |
_c34632 _d34632 |
||
| 856 |
_uhttp://koha.tu.koszalin.pl/cgi-bin/koha/opac-detail.pl?biblionumber=34632 _yKatalog online BPK |
||